Biblioteca y Centro de Documentación

El Pilar Europeo de Derechos Sociales (Registro nro. 49219)

Detalles MARC
000 -CABECERA
Longitud fija campo de control 01109naa a2200289 c 4500
001 - NÚMERO DE CONTROL
Número de control 49219
003 - IDENTIFICADOR DE NÚMERO DE CONTROL
Identificador del número de control ES-MaCES
005 - FECHA Y HORA DE LA ÚLTIMA TRANSACCIÓN
Fecha y hora de la última transacción 20170418110228.0
008 - CAMPO FIJO DE DESCRIPCIÓN FIJA--INFORMACIÓN GENERAL
Códigos de información de longitud fija   170418s2016 sp ||||| t||||||| ||spa d
040 ## - FUENTE DE CATALOGACIÓN
Centro catalogador de origen ES-MaCES
Lengua de catalogación spa
Centro transcriptor ES-MaCES
Centro modificado ES-MaCES
100 1# - ENCABEZAMIENTO PRINCIPAL--NOMBRE PERSONAL
9 (RLIN) 21721
Nombre de persona Ramos Quintana, Margarita Isabel
245 13 - MENCIÓN DE TÍTULO
Título El Pilar Europeo de Derechos Sociales
Resto del título : ¿nos ponemos serios?
Mención de responsabilidad, etc. Margarita Isabel Ramos Quintana
650 #4 - ASIENTO SECUNDARIO DE MATERIA--TÉRMINO DE MATERIA
9 (RLIN) 27029
Término de materia o nombre geográfico como elemento inicial política social
650 #4 - ASIENTO SECUNDARIO DE MATERIA--TÉRMINO DE MATERIA
9 (RLIN) 29875
Término de materia o nombre geográfico como elemento inicial derechos económicos y sociales
650 #4 - ASIENTO SECUNDARIO DE MATERIA--TÉRMINO DE MATERIA
9 (RLIN) 30270
Término de materia o nombre geográfico como elemento inicial fomento del empleo
650 #4 - ASIENTO SECUNDARIO DE MATERIA--TÉRMINO DE MATERIA
9 (RLIN) 28327
Término de materia o nombre geográfico como elemento inicial condiciones de trabajo
650 #4 - ASIENTO SECUNDARIO DE MATERIA--TÉRMINO DE MATERIA
9 (RLIN) 29076
Término de materia o nombre geográfico como elemento inicial protección social
650 #4 - ASIENTO SECUNDARIO DE MATERIA--TÉRMINO DE MATERIA
9 (RLIN) 29342
Término de materia o nombre geográfico como elemento inicial ingreso garantizado
650 #4 - ASIENTO SECUNDARIO DE MATERIA--TÉRMINO DE MATERIA
9 (RLIN) 30648
Término de materia o nombre geográfico como elemento inicial lucha contra la pobreza
650 #4 - ASIENTO SECUNDARIO DE MATERIA--TÉRMINO DE MATERIA
9 (RLIN) 30665
Término de materia o nombre geográfico como elemento inicial Carta Social Europea
650 #4 - ASIENTO SECUNDARIO DE MATERIA--TÉRMINO DE MATERIA
9 (RLIN) 30776
Término de materia o nombre geográfico como elemento inicial política comunitaria
650 #4 - ASIENTO SECUNDARIO DE MATERIA--TÉRMINO DE MATERIA
9 (RLIN) 26752
Término de materia o nombre geográfico como elemento inicial UE
653 10 - TÉRMINO DE INDEXACIÓN--NO CONTROLADO
Término no controlado Asuntos Sociales
773 0# - ENTRADA DE DOCUMENTO FUENTE
Itemnumber del ítem fuente 85681
Lugar, editor y fecha de publicación Las Rozas, Madrid Wolters Kluwer España 2015-
Otro identificador del documento 088579
Título Trabajo y derecho
Número de control del registro relacionado (ES-MaCES)45892
Parte(s) relacionada(s) n. 24 (dic. 2017) {55/1129 R. 088579} ;p. 11-14
902 ## - CES. TIPO DE DOCUMENTO
Tipodoc (006$c Sirtex) ART Artículo de revista
942 ## - ELEMENTOS KOHA
Fuente de clasificaión o esquema Clasificación propia del CES
Koha [por defecto] tipo de item Artículos (1982-2017)
Parte de clasificación Asuntos Sociales

No hay ítems disponibles.

© CES, Consejo Económico y Social de España 2021